[Event "Tradewise Gibraltar Chess Festival 2013"]
[Site "Gibraltar ENG"]
[Date "2013.01.24"]
[Round "3.30"]
[White "Maze, Sebastien"]
[Black "Rudolf, Anna"]
[Result "1-0"]
[WhiteElo "2546"]
[BlackElo "2312"]
[PlyCount "49"]
[EventDate "2013.01.22"]
[EventType "swiss"]
[EventRounds "10"]
[EventCountry "ENG"]
[Source "lmi"]
[SourceDate "2013.01.22"]

1. Nf3 d5 2. b3 Nf6 3. Bb2 e6 4. e3 Be7 5. c4 b6 6. cxd5 exd5 7. d4 O-O 8. Nbd2
Nbd7 9. Bd3 Bb7 10. O-O c5 11. Qe2 Bd6 12. Ne5 Qe7 13. f4 Ne4 14. Nxe4 dxe4 15.
Bc4 Nf6 16. Rad1 a6 17. dxc5 Bxc5 18. Ng4 Nxg4 19. Qxg4 g6 20. f5 Bxe3+ 21. Kh1
Qg5 22. Qxg5 Bxg5 23. fxg6 hxg6 24. Rd7 Bc6 25. Rd6 1-0

[Event "Tradewise Gibraltar Chess Festival 2013"]
[Site "Gibraltar ENG"]
[Date "2013.01.24"]
[Round "3.31"]
[White "Kvisvik, Brede"]
[Black "Gordon, Stephen J"]
[Result "0-1"]
[WhiteElo "2314"]
[BlackElo "2533"]
[PlyCount "70"]
[EventDate "2013.01.22"]
[EventType "swiss"]
[EventRounds "10"]
[EventCountry "ENG"]
[Source "lmi"]
[SourceDate "2013.01.22"]

1. d4 Nf6 2. c4 g6 3. Nc3 d5 4. cxd5 Nxd5 5. Na4 Bg7 6. e4 Nb6 7. Be3 O-O 8.
Be2 Nc6 9. Nf3 Bg4 10. d5 Bxf3 11. gxf3 Nb8 12. Bd4 Bxd4 13. Qxd4 c6 14. Nxb6
axb6 15. Bc4 cxd5 16. Qxd5 Qc7 17. Rc1 Qf4 18. Rc3 Nc6 19. Qd2 Qf6 20. Qe3 b5
21. Bxb5 Rxa2 22. Bxc6 Ra1+ 23. Rc1 Rxc1+ 24. Qxc1 Rc8 25. O-O Rxc6 26. Qd1 Rc5
27. Kh1 Rh5 28. Rg1 Qxb2 29. Rg2 Kg7 30. Qd7 e6 31. Qc7 b5 32. Qb6 b4 33. Rg1
b3 34. f4 Rh3 35. f5 Qe5 0-1

[Event "Tradewise Gibraltar Chess Festival 2013"]
[Site "Gibraltar ENG"]
[Date "2013.01.24"]
[Round "3.32"]
[White "Stockmann, Michael"]
[Black "Cmilyte, Viktorija"]
[Result "0-1"]
[WhiteElo "2312"]
[BlackElo "2515"]
[PlyCount "76"]
[EventDate "2013.01.22"]
[EventType "swiss"]
[EventRounds "10"]
[EventCountry "ENG"]
[Source "lmi"]
[SourceDate "2013.01.22"]

1. d4 Nf6 2. Nf3 c5 3. d5 b5 4. a4 b4 5. Bg5 Ne4 6. Qd3 f5 7. Nbd2 Ba6 8. Qe3
Nxg5 9. Nxg5 Qb6 10. g3 h6 11. Nh3 g5 12. Qe5 Qf6 13. Qxf6 exf6 14. e4 fxe4 15.
Nxe4 f5 16. Nd2 d6 17. f4 g4 18. Nf2 Bg7 19. Bxa6 Nxa6 20. Nc4 Kd7 21. h3 Rae8+
22. Kf1 h5 23. hxg4 fxg4 24. Re1 Rxe1+ 25. Kxe1 Nc7 26. Ne4 Nxd5 27. Nexd6 Bxb2
28. Nxb2 Kxd6 29. Nc4+ Ke6 30. Ne5 Kf5 31. Ke2 Nc3+ 32. Kd3 Ne4 33. Rg1 Rd8+
34. Kc4 Rd2 35. Kb3 Re2 36. a5 Nxg3 37. Nd3 h4 38. Nxc5 h3 0-1

[Event "Tradewise Gibraltar Chess Festival 2013"]
[Site "Gibraltar ENG"]
[Date "2013.01.24"]
[Round "3.33"]
[White "Harika, Dronavalli"]
[Black "Zygouris, Hristos"]
[Result "1-0"]
[WhiteElo "2514"]
[BlackElo "2218"]
[PlyCount "57"]
[EventDate "2013.01.22"]
[EventType "swiss"]
[EventRounds "10"]
[EventCountry "ENG"]
[Source "lmi"]
[SourceDate "2013.01.22"]

1. d4 d5 2. c4 e6 3. Nf3 Nf6 4. Nc3 Be7 5. Bg5 h6 6. Bh4 O-O 7. e3 b6 8. Be2
Bb7 9. Bxf6 Bxf6 10. cxd5 exd5 11. b4 c6 12. O-O a5 13. b5 c5 14. Ne5 Bxe5 15.
dxe5 d4 16. exd4 cxd4 17. Na4 Ra7 18. f4 Qd5 19. Rf2 Nd7 20. Bf1 Rd8 21. Rc1
Qe4 22. Qd3 f6 23. e6 Qxe6 24. Qxd4 Bd5 25. Rd1 Nc5 26. Nxc5 bxc5 27. Qxc5 Rad7
28. Rfd2 Bxa2 29. Rxd7 1-0

[Event "Tradewise Gibraltar Chess Festival 2013"]
[Site "Gibraltar ENG"]
[Date "2013.01.24"]
[Round "3.35"]
[White "Arvola, Benjamin"]
[Black "Moreno Tejera, Emilio"]
[Result "1-0"]
[WhiteElo "2309"]
[BlackElo "2413"]
[PlyCount "185"]
[EventDate "2013.01.22"]
[EventType "swiss"]
[EventRounds "10"]
[EventCountry "ENG"]
[Source "lmi"]
[SourceDate "2013.01.22"]

1. d4 Nf6 2. c4 g6 3. Nf3 Bg7 4. g3 O-O 5. Bg2 d6 6. O-O c6 7. Nc3 Qa5 8. a3
Qh5 9. e4 Bg4 10. Qd3 c5 11. Ne2 cxd4 12. Nf4 Qc5 13. Nxd4 Nbd7 14. b4 Qc8 15.
h3 Ne5 16. Qc2 Bd7 17. c5 dxc5 18. Qxc5 Qxc5 19. bxc5 Rad8 20. Be3 e6 21. Rab1
Bc8 22. Nb5 Nc4 23. Nxa7 Nxe3 24. fxe3 Nd7 25. Rfc1 g5 26. Nd3 Ne5 27. Nxe5
Bxe5 28. c6 b6 29. Rxb6 Bc7 30. Rb3 Ba6 31. Bf1 Ra8 32. Bxa6 Rxa7 33. Bb7 Rd8
34. Rcc3 Ra5 35. Rd3 Rxd3 36. Rxd3 Bxg3 37. Kg2 Be5 38. Kf3 Kg7 39. Rd7 Rxa3
40. c7 Bxc7 41. Rxc7 h6 42. Bc8 Kf8 43. Bd7 Ra1 44. Bb5 Rh1 45. Kg2 Re1 46. Kf2
Rb1 47. Rc8+ Kg7 48. Bc4 Rb2+ 49. Kg3 Rb1 50. Bd3 Rg1+ 51. Kf2 Ra1 52. Rc3 Kf6
53. Bf1 Kg7 54. Bg2 Ra7 55. Bf3 Kf6 56. Bh5 Kg7 57. Ke2 Ra2+ 58. Kd3 Ra7 59.
Kd4 Kf6 60. e5+ Kg7 61. Kc5 Ra5+ 62. Kd6 Ra6+ 63. Rc6 Ra3 64. Rc7 Rd3+ 65. Kc6
Rc3+ 66. Kd6 Rd3+ 67. Ke7 Rxe3 68. Bxf7 Rxe5 69. Rc8 Rf5 70. Bxe6 Rf3 71. Ra8
Re3 72. Rg8+ Kh7 73. Rf8 Kg7 74. Rf6 Re4 75. Rf7+ Kg6 76. Rf3 Kg7 77. Kd6 Rf4
78. Re3 Kf6 79. Bg4 Kg6 80. Ke5 h5 81. Bd7 Rf1 82. Be8+ Kh6 83. Bb5 Rf7 84. Bc4
Rf4 85. Bd3 Rf8 86. Bf5 Re8+ 87. Be6 Rf8 88. Ra3 Rf1 89. Bf5 Re1+ 90. Kf6 Rc1
91. Ra7 Rc6+ 92. Ke5 Rc5+ 93. Ke4 1-0

[Event "Tradewise Gibraltar Chess Festival 2013"]
[Site "Gibraltar ENG"]
[Date "2013.01.24"]
[Round "3.36"]
[White "Villuendas Valero, Adrian"]
[Black "Bellon Lopez, Juan Manuel"]
[Result "1-0"]
[WhiteElo "2301"]
[BlackElo "2404"]
[PlyCount "63"]
[EventDate "2013.01.22"]
[EventType "swiss"]
[EventRounds "10"]
[EventCountry "ENG"]
[Source "lmi"]
[SourceDate "2013.01.22"]

1. d4 d5 2. Bf4 c6 3. e3 Qb6 4. b3 Nf6 5. Nf3 g6 6. Bd3 Nh5 7. O-O Bg7 8. Be5
f6 9. Bxb8 Rxb8 10. c4 f5 11. Nc3 e6 12. Qc2 O-O 13. Rab1 Bd7 14. b4 Qd8 15. b5
Qe7 16. Qb3 dxc4 17. Bxc4 cxb5 18. Nxb5 Bxb5 19. Qxb5 Kh8 20. Qa4 b6 21. Rfc1
Rbc8 22. Bb3 Nf6 23. Rc6 Nd5 24. Rbc1 Rxc6 25. Qxc6 Rd8 26. Bxd5 Rxd5 27. Ng5
h6 28. Qa8+ Bf8 29. Nxe6 Qxe6 30. Qxf8+ Kh7 31. Rc8 g5 32. Re8 1-0

[Event "Tradewise Gibraltar Chess Festival 2013"]
[Site "Gibraltar ENG"]
[Date "2013.01.24"]
[Round "3.39"]
[White "Vazquez Igarza, Renier"]
[Black "Lind, Jan-Olof"]
[Result "1-0"]
[WhiteElo "2565"]
[BlackElo "2217"]
[PlyCount "137"]
[EventDate "2013.01.22"]
[EventType "swiss"]
[EventRounds "10"]
[EventCountry "ENG"]
[Source "lmi"]
[SourceDate "2013.01.22"]

1. Nf3 Nf6 2. c4 d6 3. d4 Nbd7 4. Nc3 e5 5. e4 Be7 6. Be2 O-O 7. O-O c6 8. Re1
a6 9. Rb1 b5 10. b4 Bb7 11. Qc2 exd4 12. Nxd4 Re8 13. Bf4 Bf8 14. Red1 c5 15.
bxc5 dxc5 16. Nf5 Nxe4 17. Nxe4 Bxe4 18. Bd3 Bxd3 19. Rxd3 Qa5 20. Bd2 Qc7 21.
Bc3 Re6 22. cxb5 axb5 23. Rxb5 Qc6 24. Rb1 Qe4 25. Ng3 Rxa2 26. Qd1 Qf4 27. Rf3
Qa4 28. Qd5 Qc2 29. Rf1 Nb6 30. Qb7 Qg6 31. Nf5 f6 32. Rd1 Qe8 33. Nxg7 Bxg7
34. Rg3 Qe7 35. Qxe7 Rxe7 36. Bxf6 Rd2 37. Rxg7+ Rxg7 38. Rxd2 Rd7 39. Rxd7
Nxd7 40. Bc3 Nb6 41. Kf1 Kf7 42. Ke2 Ke6 43. Kd3 Kd5 44. f3 c4+ 45. Kd2 Na4 46.
g4 Nc5 47. h4 Ke6 48. Ke3 h5 49. gxh5 Kf5 50. Bg7 Ne6 51. h6 Kg6 52. f4 Kh7 53.
f5 Nd8 54. Bf6 Nf7 55. Bg7 Nd6 56. Kf4 Nf7 57. Ke4 Kg8 58. Kd5 c3 59. Bxc3 Nxh6
60. Ke6 Nf7 61. Bf6 Kf8 62. Bg5 Kg7 63. Ke7 Kg8 64. Bf4 Nh8 65. h5 Nf7 66. f6
Nh8 67. Ke8 Nf7 68. h6 Nh8 69. Be3 1-0

[Event "Tradewise Gibraltar Chess Festival 2013"]
[Site "Gibraltar ENG"]
[Date "2013.01.24"]
[Round "3.40"]
[White "Urbina Perez, Juan Antonio"]
[Black "Zhao, Xue"]
[Result "0-1"]
[WhiteElo "2214"]
[BlackElo "2554"]
[PlyCount "60"]
[EventDate "2013.01.22"]
[EventType "swiss"]
[EventRounds "10"]
[EventCountry "ENG"]
[Source "lmi"]
[SourceDate "2013.01.22"]

1. e4 e5 2. Nf3 Nc6 3. Bb5 a6 4. Ba4 Nf6 5. Qe2 Be7 6. c3 b5 7. Bb3 O-O 8. d4
d6 9. Nbd2 Bg4 10. Qe3 Re8 11. O-O Bf8 12. Ng5 Bh5 13. f4 exd4 14. cxd4 h6 15.
Qc3 Na7 16. Qh3 Qc8 17. e5 hxg5 18. Qxc8 Raxc8 19. exf6 Be2 20. Rf2 g4 21. Nf1
Nc6 22. Bd5 Nxd4 23. Be3 c5 24. Bxd4 cxd4 25. Bb7 Rc2 26. Bxa6 d3 27. Bxb5 Rb8
28. a4 d5 29. Ne3 Rxb2 30. Nd1 Rd2 0-1

[Event "Tradewise Gibraltar Chess Festival 2013"]
[Site "Gibraltar ENG"]
[Date "2013.01.24"]
[Round "3.41"]
[White "Aerni, Andreas"]
[Black "Salem, A.R. Saleh"]
[Result "0-1"]
[WhiteElo "2206"]
[BlackElo "2538"]
[PlyCount "80"]
[EventDate "2013.01.22"]
[EventType "swiss"]
[EventRounds "10"]
[EventCountry "ENG"]
[Source "lmi"]
[SourceDate "2013.01.22"]

1. e4 c6 2. d4 d5 3. exd5 cxd5 4. Bd3 Nc6 5. c3 g6 6. Bf4 Bg7 7. Nf3 Bf5 8.
Bxf5 gxf5 9. Nbd2 e6 10. O-O Nge7 11. Nb3 Ng6 12. Qd2 Nxf4 13. Qxf4 Qf6 14. Nc5
O-O-O 15. Qe3 Rhg8 16. Qd3 Bf8 17. Qb5 Bxc5 18. Qxc5 Kb8 19. a4 f4 20. a5 Qf5
21. Ne1 f3 22. g3 a6 23. Rd1 Rg6 24. Rd3 Rh6 25. Re3 e5 26. dxe5 d4 27. Rd3 f6
28. cxd4 fxe5 29. Re3 Rh3 30. Nxf3 Nxd4 31. Qxe5+ Ka8 32. Nh4 Rxh4 33. gxh4
Rg8+ 34. Qg3 Qc8 35. Rfe1 Nf5 36. Re8 Rxe8 37. Rxe8 Qxe8 38. Qf4 Qe1+ 39. Kg2
Qxa5 40. b4 Qd5+ 0-1

[Event "Tradewise Gibraltar Chess Festival 2013"]
[Site "Gibraltar ENG"]
[Date "2013.01.24"]
[Round "3.42"]
[White "Cramling, Pia"]
[Black "Tscharotschkin, Michael"]
[Result "1-0"]
[WhiteElo "2518"]
[BlackElo "2200"]
[PlyCount "117"]
[EventDate "2013.01.22"]
[EventType "swiss"]
[EventRounds "10"]
[EventCountry "ENG"]
[Source "lmi"]
[SourceDate "2013.01.22"]

1. d4 d5 2. Nf3 e6 3. c4 c6 4. Qc2 f5 5. g3 Nf6 6. Bg2 Bd6 7. O-O O-O 8. Nbd2
b6 9. Ne5 Bb7 10. cxd5 cxd5 11. Ndf3 Nbd7 12. Bf4 Qe7 13. Rfc1 Bxe5 14. Nxe5
Nxe5 15. Bxe5 Rac8 16. Qa4 a6 17. Qb3 b5 18. a4 Bc6 19. Bxf6 Qxf6 20. Qd3 Bd7
21. e3 Qe7 22. Bf1 Qb4 23. Qa3 Qxa3 24. bxa3 Kf7 25. Rab1 Rxc1 26. Rxc1 bxa4
27. Rc7 Ke7 28. Bxa6 Kd6 29. Rb7 Kc6 30. Rb2 Kd6 31. Rb6+ Kc7 32. Rb7+ Kc6 33.
Rb1 Kd6 34. Kf1 Ra8 35. Bd3 Rc8 36. Ke2 Rc3 37. Ra1 Rc7 38. Kd2 Rb7 39. Bc2 h6
40. h4 Rb6 41. Rg1 e5 42. Rb1 Rxb1 43. Bxb1 exd4 44. exd4 Kc6 45. Bd3 Kb6 46.
h5 Be8 47. Bxf5 Bxh5 48. Bd7 Bf7 49. Bxa4 g5 50. Ke3 Be6 51. Be8 Kc7 52. f4 Kd8
53. Bg6 Ke7 54. a4 Bd7 55. a5 Kf6 56. Bd3 Bc8 57. Bb5 Bb7 58. a6 Ba8 59. Bd7
1-0

[Event "Tradewise Gibraltar Chess Festival 2013"]
[Site "Gibraltar ENG"]
[Date "2013.01.24"]
[Round "3.43"]
[White "Veltkamp, Gerben"]
[Black "Cernousek, Lukas"]
[Result "0-1"]
[WhiteElo "2200"]
[BlackElo "2453"]
[PlyCount "66"]
[EventDate "2013.01.22"]
[EventType "swiss"]
[EventRounds "10"]
[EventCountry "ENG"]
[Source "lmi"]
[SourceDate "2013.01.22"]

1. e4 c6 2. d4 d5 3. e5 Bf5 4. Nf3 e6 5. Be2 Nd7 6. O-O Ne7 7. Re1 a6 8. Nbd2
Nc8 9. Nb3 Be7 10. Be3 O-O 11. Qd2 h6 12. Nc1 c5 13. Kh1 Na7 14. Nd3 cxd4 15.
Nxd4 Bxd3 16. Bxd3 Nxe5 17. Bxh6 Nxd3 18. Qxd3 Bf6 19. Bf4 Nc6 20. Nxc6 bxc6
21. Be5 Bxe5 22. Rxe5 Qf6 23. Qe2 Rfb8 24. b3 a5 25. Re1 a4 26. g3 axb3 27.
axb3 Ra2 28. Re3 Rb5 29. Rf3 Rxc2 30. Qd3 Qb2 31. Rxe6 fxe6 32. Qg6 Qb1+ 33.
Kg2 Rxf2+ 0-1

[Event "Tradewise Gibraltar Chess Festival 2013"]
[Site "Gibraltar ENG"]
[Date "2013.01.24"]
[Round "3.44"]
[White "Docx, Stefan"]
[Black "Taus, Martin"]
[Result "1-0"]
[WhiteElo "2426"]
[BlackElo "2181"]
[PlyCount "63"]
[EventDate "2013.01.22"]
[EventType "swiss"]
[EventRounds "10"]
[EventCountry "ENG"]
[Source "lmi"]
[SourceDate "2013.01.22"]

1. d4 Nf6 2. c4 c5 3. d5 b5 4. Nf3 b4 5. Qc2 d6 6. e4 g6 7. Bd3 Bg7 8. O-O O-O
9. Re1 Nbd7 10. h3 Ne5 11. Nbd2 Nxd3 12. Qxd3 Nd7 13. a3 bxa3 14. Rxa3 f5 15.
b3 Ne5 16. Nxe5 Bxe5 17. Nf3 fxe4 18. Qxe4 Bf5 19. Qh4 e6 20. Bg5 Qc7 21. Nxe5
dxe5 22. Be7 Rf7 23. d6 Qc6 24. Rxe5 a5 25. Qg5 a4 26. Qe3 axb3 27. Qxb3 Be4
28. Rxa8+ Qxa8 29. Rxe4 Qxe4 30. d7 Qe1+ 31. Kh2 Qe5+ 32. Qg3 1-0

[Event "Tradewise Gibraltar Chess Festival 2013"]
[Site "Gibraltar ENG"]
[Date "2013.01.24"]
[Round "3.45"]
[White "Jaunooby, Ali R"]
[Black "Telljohann, Sven"]
[Result "1-0"]
[WhiteElo "2178"]
[BlackElo "2423"]
[PlyCount "61"]
[EventDate "2013.01.22"]
[EventType "swiss"]
[EventRounds "10"]
[EventCountry "ENG"]
[Source "lmi"]
[SourceDate "2013.01.22"]

1. d4 d5 2. Nf3 c6 3. Bf4 Nf6 4. Nbd2 g6 5. h3 Bg7 6. e3 O-O 7. Bd3 Qb6 8. Rb1
c5 9. c3 Nc6 10. O-O Re8 11. b4 c4 12. Bc2 Bf5 13. b5 Nb8 14. Bxf5 gxf5 15. Nh4
e6 16. g4 fxg4 17. hxg4 Qa5 18. g5 Nfd7 19. Qc2 Nf8 20. Be5 Ng6 21. Nxg6 hxg6
22. f4 a6 23. b6 Nd7 24. Nf3 Rac8 25. Nh2 Rc6 26. Ng4 Rd8 27. Qh2 Nxe5 28. fxe5
Qxc3 29. Rf3 Qd3 30. Rbf1 Qe4 31. Rf4 1-0

[Event "Tradewise Gibraltar Chess Festival 2013"]
[Site "Gibraltar ENG"]
[Date "2013.01.24"]
[Round "3.46"]
[White "Houska, Jovanka"]
[Black "Meyer, Kai-Christian"]
[Result "1-0"]
[WhiteElo "2416"]
[BlackElo "2177"]
[PlyCount "68"]
[EventDate "2013.01.22"]
[EventType "swiss"]
[EventRounds "10"]
[EventCountry "ENG"]
[Source "lmi"]
[SourceDate "2013.01.22"]

1. d4 d5 2. Nf3 Nf6 3. c4 c6 4. e3 a6 5. Bd3 Bg4 6. Nbd2 e6 7. b3 Nbd7 8. O-O
Bd6 9. Bb2 Bh5 10. Qc2 Bg6 11. e4 dxe4 12. Nxe4 Nxe4 13. Bxe4 O-O 14. Bxg6 hxg6
15. Rfd1 Nf6 16. Rd3 Qa5 17. Rad1 Rfd8 18. a3 Qf5 19. h3 Qa5 20. g3 Rac8 21.
Kg2 b5 22. Bc3 Qc7 23. Qe2 Qb7 24. Kg1 Ra8 25. Qe1 Rdc8 26. a4 bxc4 27. bxc4
Qb3 28. d5 Qxc4 29. dxe6 Bc5 30. Bxf6 gxf6 31. Rc3 Qb4 32. Rb1 Qa5 33. exf7+
Kf8 34. Qc1 Bb4 1-0

[Event "Tradewise Gibraltar Chess Festival 2013"]
[Site "Gibraltar ENG"]
[Date "2013.01.24"]
[Round "3.47"]
[White "Roser, Kevin"]
[Black "Smith, Andrew Philip"]
[Result "1-0"]
[WhiteElo "2409"]
[BlackElo "2175"]
[PlyCount "81"]
[EventDate "2013.01.22"]
[EventType "swiss"]
[EventRounds "10"]
[EventCountry "ENG"]
[Source "lmi"]
[SourceDate "2013.01.22"]

1. e4 c5 2. Nf3 Nc6 3. d4 cxd4 4. Nxd4 Nf6 5. Nc3 d6 6. Bg5 e6 7. Qd2 a6 8.
O-O-O Bd7 9. f4 h6 10. Bh4 g5 11. fxg5 Ng4 12. Be2 Nge5 13. Nf3 Be7 14. Rhg1
Rg8 15. Bg3 hxg5 16. Nxe5 Nxe5 17. Bh5 Qa5 18. Rgf1 Rg7 19. Qd4 Rd8 20. Rxf7
Rxf7 21. Rf1 Bb5 22. Rf2 Kd7 23. Bxf7 Nc4 24. a4 Rc8 25. axb5 e5 26. Qxc4 Rxc4
27. Bxc4 Qa1+ 28. Kd2 g4 29. Rf7 Ke8 30. Rg7 Qxb2 31. bxa6 bxa6 32. Bxa6 Qb4
33. Bd3 d5 34. exd5 e4 35. Bb5+ Kf8 36. Be5 Qc5 37. Rxg4 Qf2+ 38. Be2 e3+ 39.
Kd3 Qf5+ 40. Re4 Bb4 41. Kc4 1-0

[Event "Tradewise Gibraltar Chess Festival 2013"]
[Site "Gibraltar ENG"]
[Date "2013.01.24"]
[Round "3.48"]
[White "Seyfried, Claus"]
[Black "Kjartansson, Gudmundur"]
[Result "0-1"]
[WhiteElo "2177"]
[BlackElo "2408"]
[PlyCount "100"]
[EventDate "2013.01.22"]
[EventType "swiss"]
[EventRounds "10"]
[EventCountry "ENG"]
[Source "lmi"]
[SourceDate "2013.01.22"]

1. e4 Nf6 2. e5 Nd5 3. d4 d6 4. Nf3 dxe5 5. Nxe5 c6 6. Nd2 Nd7 7. Ndf3 Nxe5 8.
Nxe5 Bf5 9. Qf3 g6 10. Bd3 Qc8 11. O-O Bg7 12. Bd2 O-O 13. Rfe1 Bxd3 14. Qxd3
e6 15. Ng4 Qc7 16. Bh6 Bxh6 17. Nxh6+ Kg7 18. Ng4 Qf4 19. Re4 Qg5 20. Ne5 Rad8
21. Rae1 Nf6 22. R4e3 c5 23. Nf3 Qf4 24. c3 cxd4 25. cxd4 Rd5 26. Re5 Rc8 27.
g3 Qh6 28. Rxd5 Nxd5 29. Qe2 Qh3 30. Qe5+ Kg8 31. Ng5 Qf5 32. Qxf5 gxf5 33. Re2
Rc1+ 34. Kg2 b5 35. a3 a5 36. Nf3 Kf8 37. Ne1 Ke7 38. Nc2 Kd6 39. Kf3 Rd1 40.
Re1 Rd2 41. Rc1 Rd3+ 42. Ne3 Nb6 43. Rc5 Rb3 44. Rc2 Nc4 45. a4 Nxb2 46. axb5
a4 47. Rxb2 Rxb2 48. Nc4+ Kc7 49. Nxb2 a3 50. b6+ Kb8 0-1

[Event "Tradewise Gibraltar Chess Festival 2013"]
[Site "Gibraltar ENG"]
[Date "2013.01.24"]
[Round "3.49"]
[White "Dukaczewski, Piotr"]
[Black "Lindsoe, Fredrik Aunan"]
[Result "0-1"]
[WhiteElo "2268"]
[BlackElo "2064"]
[PlyCount "84"]
[EventDate "2013.01.22"]
[EventType "swiss"]
[EventRounds "10"]
[EventCountry "ENG"]
[Source "lmi"]
[SourceDate "2013.01.22"]

1. e4 c5 2. Nf3 Nc6 3. Bb5 g6 4. Bxc6 dxc6 5. d3 Bg7 6. h3 Nf6 7. Nc3 O-O 8.
Be3 b6 9. Qd2 Nd7 10. Bh6 Re8 11. Bxg7 Kxg7 12. O-O-O e5 13. h4 h5 14. Rdg1 Nf6
15. Ng5 Qd6 16. f3 Rh8 17. Nd1 Be6 18. Ne3 Rad8 19. b3 b5 20. Rd1 a5 21. Nxe6+
Qxe6 22. Qxa5 Ra8 23. Qc3 Rxa2 24. Qxc5 Nd7 25. Qc3 Qd6 26. g4 Rha8 27. gxh5 b4
28. Qe1 Nc5 29. Qg3 Nxb3+ 30. cxb3 Qc5+ 31. Nc4 Rg2 32. h6+ Kh7 33. Qxg2 Ra1+
34. Kc2 Ra2+ 35. Kb1 Rxg2 36. d4 Qa7 37. Rd2 Rxd2 38. Nxd2 Qxd4 39. Rd1 Qc3 40.
Nc4 Qxb3+ 41. Nb2 Qxf3 42. Re1 c5 0-1

[Event "Tradewise Gibraltar Chess Festival 2013"]
[Site "Gibraltar ENG"]
[Date "2013.01.24"]
[Round "3.50"]
[White "Arakhamia-Grant, Ketevan"]
[Black "Osuna Vega, Enrique"]
[Result "1-0"]
[WhiteElo "2405"]
[BlackElo "2157"]
[PlyCount "79"]
[EventDate "2013.01.22"]
[EventType "swiss"]
[EventRounds "10"]
[EventCountry "ENG"]
[Source "lmi"]
[SourceDate "2013.01.22"]

1. e4 e6 2. d4 c5 3. Nf3 cxd4 4. Nxd4 a6 5. Bd3 d5 6. exd5 Qxd5 7. O-O Nf6 8.
Nc3 Qd7 9. Be3 Nd5 10. Nxd5 Qxd5 11. c4 Qd8 12. Qc2 g6 13. Rad1 Qc7 14. Qc3 e5
15. Rfe1 Bg7 16. Qa3 Qe7 17. Qxe7+ Kxe7 18. Bd2 Kd6 19. Nf3 f6 20. Be4 Ke7 21.
Bb4+ Ke8 22. Nd4 Bf8 23. Ba5 Be7 24. Bd5 Kf8 25. Ne6+ Bxe6 26. Bxe6 Nc6 27. Bb6
Bd8 28. Be3 Ke7 29. Bd5 Rc8 30. Bc5+ Ke8 31. Be6 Rc7 32. f4 Nd4 33. Bxd4 exd4
34. Rxd4 Re7 35. c5 Bc7 36. Rde4 Kd8 37. Kf1 Rf8 38. Rd4+ Ke8 39. Rde4 Rh8 40.
Bf7+ 1-0

[Event "Tradewise Gibraltar Chess Festival 2013"]
[Site "Gibraltar ENG"]
[Date "2013.01.24"]
[Round "3.53"]
[White "Byron, Alan M"]
[Black "Nezad, Husein Aziz"]
[Result "0-1"]
[WhiteElo "2167"]
[BlackElo "2394"]
[PlyCount "114"]
[EventDate "2013.01.22"]
[EventType "swiss"]
[EventRounds "10"]
[EventCountry "ENG"]
[Source "lmi"]
[SourceDate "2013.01.22"]

1. e4 e5 2. Nf3 Nc6 3. Bb5 f5 4. d3 fxe4 5. dxe4 Nf6 6. Nc3 Bb4 7. O-O Bxc3 8.
bxc3 d6 9. Re1 O-O 10. h3 Bd7 11. Bg5 h6 12. Bc4+ Kh8 13. Bc1 Na5 14. Bf1 Qe8
15. Nh4 Qf7 16. Bd3 g5 17. Nf3 Nh5 18. Be2 Be6 19. Be3 Nf4 20. Bxf4 Qxf4 21.
Qd2 Qxe4 22. Bd3 Qf4 23. Qxf4 Rxf4 24. Nxe5 Rf6 25. Ng4 Bxg4 26. hxg4 Raf8 27.
Re7 R8f7 28. Rae1 Kg7 29. f3 b6 30. Re8 Nc6 31. Be4 Ne7 32. Bb7 Ng6 33. Bd5 Rf8
34. R8e4 Ne5 35. Ra4 a5 36. Be4 Rf4 37. Rd4 R4f7 38. Bf5 h5 39. Rf1 Rf6 40. a3
Rh8 41. Kf2 hxg4 42. Bxg4 Rh4 43. Bc8 Rff4 44. Rfd1 Nc4 45. Rxf4 Rxf4 46. Rd5
Kh6 47. g3 Rf8 48. Ba6 Nxa3 49. Bd3 Nb1 50. Rd4 Nxc3 51. Rc4 Nd5 52. Be4 Nf6
53. Bf5 c5 54. g4 b5 55. Rc3 a4 56. Ra3 Ra8 57. Re3 a3 0-1

[Event "Tradewise Gibraltar Chess Festival 2013"]
[Site "Gibraltar ENG"]
[Date "2013.01.24"]
[Round "3.54"]
[White "Aloma Vidal, Robert"]
[Black "Weber, Francois"]
[Result "1-0"]
[WhiteElo "2389"]
[BlackElo "2150"]
[PlyCount "59"]
[EventDate "2013.01.22"]
[EventType "swiss"]
[EventRounds "10"]
[EventCountry "ENG"]
[Source "lmi"]
[SourceDate "2013.01.22"]

1. d4 Nf6 2. c4 e6 3. Nf3 d5 4. g3 c6 5. Bg2 Bd6 6. Nc3 O-O 7. O-O Nbd7 8. Nd2
Re8 9. e4 dxe4 10. Ndxe4 Nxe4 11. Nxe4 Bf8 12. Bf4 Nf6 13. Be5 Nxe4 14. Bxe4 f6
15. Qh5 f5 16. Bg2 Bd7 17. Rfe1 Qe7 18. Re3 Qf7 19. Qe2 Rac8 20. c5 Rcd8 21. b4
a6 22. a4 Bc8 23. b5 axb5 24. axb5 cxb5 25. Qxb5 Re7 26. Qb6 Red7 27. Bf1 Rd5
28. Ra8 R5d7 29. Bc4 Re8 30. Rxc8 1-0

[Event "Tradewise Gibraltar Chess Festival 2013"]
[Site "Gibraltar ENG"]
[Date "2013.01.24"]
[Round "3.55"]
[White "Kriebel, Tadeas"]
[Black "Valhondo Morales, Ruben"]
[Result "1/2-1/2"]
[WhiteElo "2369"]
[BlackElo "2136"]
[PlyCount "214"]
[EventDate "2013.01.22"]
[EventType "swiss"]
[EventRounds "10"]
[EventCountry "ENG"]
[Source "lmi"]
[SourceDate "2013.01.22"]

1. e4 e5 2. Nf3 Nc6 3. Bb5 a6 4. Ba4 Nf6 5. O-O b5 6. Bb3 Be7 7. d3 O-O 8. a4
Rb8 9. axb5 axb5 10. Nc3 d6 11. h3 h6 12. Be3 Re8 13. Nd5 Bf8 14. Nxf6+ Qxf6
15. d4 Nxd4 16. Nxd4 exd4 17. Bxd4 Qg6 18. Ba7 Ra8 19. Bd5 Bxh3 20. Qf3 Bg4 21.
Qg3 Rad8 22. Ra5 Re7 23. f3 Be6 24. Qxg6 fxg6 25. Bxe6+ Rxe6 26. Rxb5 c6 27.
Ra5 d5 28. Rd1 Ra8 29. exd5 cxd5 30. Rdxd5 Re2 31. Bd4 Rxa5 32. Rxa5 Rxc2 33.
Ra8 Kf7 34. Kf1 Rc1+ 35. Kf2 Bc5 36. Bxc5 Rxc5 37. Rb8 Rc2+ 38. Kg3 g5 39. Rb6
Rd2 40. Kh3 Re2 41. b3 Rb2 42. Kg3 Ke7 43. b4 Kf7 44. b5 Ke7 45. Kh3 Rb4 46.
Kh2 Rb1 47. g3 Rb2+ 48. Kh3 Rb4 49. Kg2 Rb2+ 50. Kf1 Kf7 51. g4 Ke7 52. Rb8 Kf7
53. Ke1 g6 54. Kd1 h5 55. Kc1 Rb3 56. Kc2 Rb4 57. Kc3 Rb1 58. Kc4 h4 59. Ra8
Rb2 60. Kc5 h3 61. b6 h2 62. Ra1 Ke6 63. Re1+ Kd7 64. Rh1 Ke6 65. Kc6 Rc2+ 66.
Kb5 Kd7 67. Ra1 Kc8 68. Ra8+ Kb7 69. Ra7+ Kb8 70. Rh7 Rb2+ 71. Kc6 Rc2+ 72. Kd5
Re2 73. Kd4 Kc8 74. Kd3 Rb2 75. Ke4 Rxb6 76. Ke5 Kd8 77. Rxh2 Ke7 78. Rh7+ Kf8
79. Rd7 Rb3 80. Ke4 Rb4+ 81. Ke3 Rb5 82. Ke4 Rb4+ 83. Kd3 Rb5 84. Kc4 Re5 85.
Kd4 Ra5 86. Rb7 Ra3 87. Ke4 Ra4+ 88. Ke3 Ra5 89. Rc7 Ra3+ 90. Ke4 Ra4+ 91. Kd3
Ra3+ 92. Rc3 Ra5 93. Kd4 Kf7 94. Rc7+ Kf6 95. Rc6+ Kf7 96. Rd6 Ra3 97. Ke4 Ra4+
98. Rd4 Ra5 99. Rd5 Ra4+ 100. Ke3 Kf6 101. Rd4 Ra3+ 102. Ke4 Ra6 103. Rb4 Ra5
104. f4 gxf4 105. Kxf4 Rc5 106. g5+ Kg7 107. Rb7+ Kg8 1/2-1/2